| 000 | 01076cab a2200301 4500 | ||
|---|---|---|---|
| 001 | WB2846-23 | ||
| 008 | 090401t1992 xxu||||| |||| 00| 0 eng d | ||
| 035 | _a(Sirsi) u68648 | ||
| 041 | _aeng | ||
| 245 | _aSelling a house | ||
| 260 | _c1992 | ||
| 350 | _a0 | ||
| 490 |
_aIndependent on Sunday _v15 November 1992, 72-75; 22 November 1992, 84-87 ( |
||
| 520 | _aA feature on the difficulties of selling a house in the depressed market, with comment on estate agents, selling without an estate agents and undervaluation by surveyors. | ||
| 650 | _aESTATE AGENCY | ||
| 650 | _aHOUSE PRICES | ||
| 650 | _aHOUSE SALES | ||
| 650 | _aINDEPENDENT SURVEYORS ASSOCIATION | ||
| 650 | _aRENTED ACCOMMODATION | ||
| 650 | _aPROPERTY-RESIDENTIAL PROPERTY-ACQUISITION AND DISPOSAL OF RESIDENTIAL PROPERTY | ||
| 650 | _aSURVEYORS | ||
| 650 | _aUNDER VALUATION | ||
| 650 |
_aValuation _96273 |
||
| 690 | _aPROPERTY-RESIDENTIAL PROPERTY-RESIDENTIAL PROPERTY MARKET | ||
| 690 | _aMANAGEMENT-BUSINESS MANAGEMENT-PROFESSIONAL PRACTICE | ||
| 942 | _n0 | ||
| 948 | _c04/03/1997 | ||
| 999 |
_c43071 _d43071 |
||